[Event "Mar del Plata Lasker Memorial"]
[Site "Mar del Plata"]
[Date "2019.07.24"]
[Round "7"]
[White "Moncada, Gonzalo"]
[Black "Pereyra, Alex"]
[Result "0-1"]
[WhiteElo "1448"]
[BlackElo "1709"]
[PlyCount "110"]
[EventDate "2019.07.22"]
[EventType "swiss"]
[EventRounds "7"]
[EventCountry "ARG"]
[SourceTitle "CBM 191 Extra"]
[Source "ChessBase"]
[SourceDate "2019.09.30"]
[SourceVersion "1"]
[SourceVersionDate "2019.09.30"]
[SourceQuality "1"]

1. e4 e6 2. d4 d5 3. e5 c5 4. c3 Nc6 5. Nf3 Nge7 6. Bd3 cxd4 7. cxd4 Nf5 8. Be3 Qb6 9. Qb3 Qxb3 10. axb3 Nxe3 11. fxe3 Bb4+ 12. Nc3 0-0 13. 0-0 Bd7 14. Rf2 a6 15. Raf1 h6 16. Ne1 Na5 17. e4 Bxc3 18. bxc3 Nxb3 19. exd5 exd5 20. Ra2 Nc1 21. Rb2 Nxd3 22. Nxd3 Bb5 23. Rf3 Bxd3 24. Rxd3 b5 25. Rd1 Rac8 26. Rb3 Rc6 27. Ra1 Rfc8 28. Raa3 Kf8 29. Kf2 Ke7 30. Ke3 Kd7 31. Kf4 Kc7 32. Rb2 Kb6 33. Rba2 Ra8 34. h4 a5 35. g4 a4 36. g5 hxg5+ 37. hxg5 Rac8 38. Rb2 Ka5 39. Rbb3 g6 40. Kg4 Rc4 41. Kf4 R8c6 42. Kg4 b4 43. Rxb4 Rxb4 44. cxb4+ Kxb4 45. Rf3 Rc7 46. Rf6 a3 47. Rb6+ Kc3 48. Ra6 Kb2 49. Rb6+ Ka1 50. Rb3 a2 51. Kf3 Rc2 52. Ke3 Rb2 53. Rd3 Kb1 54. Kf3 a1Q 55. Rd1+ Ka2 0-1

[Event "Mar del Plata Lasker Memorial"]
[Site "Mar del Plata"]
[Date "2019.07.24"]
[Round "6"]
[White "Monte, Luciano"]
[Black "Moncada, Gonzalo"]
[Result "1/2-1/2"]
[WhiteElo "1691"]
[BlackElo "1448"]
[PlyCount "85"]
[EventDate "2019.07.22"]
[EventType "swiss"]
[EventRounds "7"]
[EventCountry "ARG"]
[SourceTitle "CBM 191 Extra"]
[Source "ChessBase"]
[SourceDate "2019.09.30"]
[SourceVersion "1"]
[SourceVersionDate "2019.09.30"]
[SourceQuality "1"]

1. e4 e6 2. d4 d5 3. exd5 exd5 4. c4 c6 5. Nc3 Be6 6. c5 Be7 7. Nf3 Nd7 8. Bd3 Bf6 9. b4 Bg4 10. Be3 Ne7 11. h3 Bf5 12. 0-0 Bxd3 13. Qxd3 Ng6 14. Rfe1 0-0 15. b5 a6 16. a4 axb5 17. axb5 Rxa1 18. Rxa1 Qb8 19. g3 h6 20. b6 Qc8 21. Kg2 Re8 22. Ra7 Nb8 23. Ra8 Qd7 24. Ra7 Ne7 25. Bf4 g5 26. Bc7 Qf5 27. Qxf5 Nxf5 28. Ra8 Nxd4 29. Nxd4 Bxd4 30. Na4 Re2 31. Rxb8+ Kh7 32. g4 Rxf2+ 33. Kg3 f5 34. gxf5 h5 35. Rxb7 Kh6 36. h4 g4 37. Bf4+ Rxf4 38. Kxf4 Be5+ 39. Kxe5 g3 40. Nc3 d4 41. Kxd4 g2 42. Ne2 g1Q+ 43. Nxg1 1/2-1/2